| 000 | 00895nam a2200289 a 4500 | ||
|---|---|---|---|
| 001 | BRCA_7171 | ||
| 005 | 20190320205733.0 | ||
| 008 | 130112s1953----mx-a######---#000-0#spa-# | ||
| 041 | _aspa | ||
| 044 | _amx | ||
| 050 | 4 |
_aZ210 _b.M55 1953 |
|
| 100 | 1 |
_aMillares Carlo, Agustiìn _d1893-1980 _917779 |
|
| 245 | 1 | 0 |
_aJuan Pablos, primer impresor que a esta tierra vino _cAgustiìn Millares Carlo y Juliaìn Calvo. |
| 260 |
_aMéxico _bM. Porrua _c1953 |
||
| 300 |
_a220 p. _bil. _c24 cm. |
||
| 440 | 0 |
_aDocumentos mexicanos, Manuel Porrua _v1 _917780 |
|
| 500 | _aEjemplar numerado 45 de 500 | ||
| 500 | _aP56 | ||
| 600 | 1 | 4 |
_aPablos, Juan _dm. 1561 _917781 |
| 650 | 1 | 4 |
_aImprenta _xHistoria _97419 |
| 650 | 1 | 4 |
_aImprenta _zMéxico _98166 |
| 650 | 1 | 4 |
_aImpresores _yMéxico _917782 |
| 650 | 1 | 4 |
_aIncunables _97417 |
| 700 | 1 |
_aCalvo, Juliaìn _ecoaut. _917783 |
|
| 902 | _aGFM | ||
| 942 |
_2lcc _cB |
||
| 999 |
_c6852 _d6852 |
||